00857 a2200193 45000010006000000050017000060080041000230030015000640400040000790800128001192450065002470200018003122640055003303000019003855050213004040410008006171000017006257000021006425440320260407155817.0260407a2001 arg spa dAR-UNSa-BCEJYS aAR-UNSa-BCEJYSbspacAR-UNSa-BCEJYS a316.421:339.9xOrigen de las sociedades globales y estructura social, económico, político y cultural (Globalización) 10aArgentina y Brasil en la globalizaciónp¿Mercosur o ALCA? a950-557-405-3 1aBuenos Aires :bFondo de Cultura Económicac2001 a106 p.c17 cm. a1. La globalización - 2. La Argentina - 3. La relación de la Argentina y Brasil - Argentina y Brasil ante sus alternativas históricas - 1. El nuevo orden mundial - 2. Alternativas para América del Sur aspa1 aFerrer, Aldo1 aJaguaribe, Helio